Statistieken voor Landen die beginnen met S

Klik hier om de quiz te nemen!

Algemene statistieken

  • Deze quiz is 2.323 keer genomen
    (1.603 sinds de laatste reset)
  • De gemiddelde score is 14 van 21

Antwoordstatistieken

Land% Correct
Spanje
86%
Slowakije
77%
Slovenië
77%
Somalië
74%
Servië
73%
Senegal
70%
Soedan
70%
Syrië
66%
Suriname
66%
San Marino
65%
Sri Lanka
64%
Saint Lucia
63%
Singapore
62%
Saint Vincent en de Grenadines
60%
Saint Kitts en Nevis
59%
Samoa
59%
Saoedi-Arabië
58%
Seychellen
57%
Salomonseilanden
52%
Sao Tomé en Principe
51%
Sierra Leone
49%

Scoreverdeling

Percentiel versus Aantal Correcte Antwoorden

Procent van Mensen met Elke Score

Uw Scoregeschiedenis

U heeft deze quiz nog niet genomen sinds de laatste reset